La iglesia de Jesucristo : su historia y su liturgia

Gespeichert in:
Bibliographische Detailangaben
1. Verfasser: Incio García, Valentín (S.I.)
Format: Buch
Sprache:Spanisch
Erschienen: Madrid : Verdad, 1952
Ausgabe:15ª ed. resumida
Katalog:MANES:  Suchergebnis im Bibliothekskatalog
Schulbuchspezifische Eigenschaften:
Schlagworte:
Tags: Tag hinzufügen
Keine Tags, Fügen Sie den ersten Tag hinzu!
Hinzugefügt zu:29.11.1999
Geändert in:07.05.2025

MARC

LEADER 00000cam a2200000#i 4500
005 20250507134450.0
008 000000s1952 esp 000 0 spa d
040 |a uned  |b spa  |c entro-manes 
100 1 |a Incio García, Valentín  |c (S.I.)   |9 37790 
245 1 3 |a La iglesia de Jesucristo :   |b su historia y su liturgia /   |c por Valentin Incio García 
250 |a 15ª ed. resumida 
260 |a Madrid :   |b Verdad,   |c 1952 
300 |a 158 p. 
500 |a En port.: Con aprobación oficial 
546 |a España 
561 |5 es-BUNED  |3 L.T. 1930  |a España. Fondo Manes UNED  |k MANES 
650 7 |a Historia sagrada  |a Enseñanza religiosa 
690 0 |a RyM 
942 |2 ddc  |c BK 
999 |c 95079  |d 95079 
999 |c manes:95079  |d 95079